Hide and Seek - Countries - Statistics

General Stats
  • This quiz has been taken 43 times
  • The average score is 7 of 10
Answer Stats
Hiding Countries % Correct
India
95%
Indonesia
79%
Ireland
77%
Iran
74%
Iceland
72%
Iraq
72%
Italy
72%
Israel
69%
They all start with the letter I
67%
Ivory Coast
54%
No matching quizzes found
Score Distribution
Percent of People with Each Score
Percentile by Number Answered
Your Score History
You have not taken this quiz